Capital Cities Beginning With M - Statistics

General Stats
  • This quiz has been taken 211 times
  • The average score is 14 of 19
Answer Stats
Hint Answer % Correct
Madrid Spain
99%
Mexico City Mexico
95%
Moscow Russia
94%
Monaco Monaco
93%
Manila Philippines
91%
Minsk Belarus
86%
Montevideo Uruguay
85%
Muscat Oman
77%
Mogadishu Somalia
77%
Managua Nicaragua
72%
Malé Maldives
70%
Monrovia Liberia
69%
Manama Bahrain
63%
Maputo Mozambique
58%
Moroni Comoros
56%
Malabo Equatorial Guinea
55%
Maseru Lesotho
55%
Majuro Marshall Islands
53%
Mbabane/Lobamba Swaziland
50%
No matching quizzes found
Score Distribution
Percent of People with Each Score
Percentile by Number Answered
Your Score History
You have not taken this quiz